A szükségszerűség és a kölcsönös előnyök alapján Interjú a városi tanács elnökhelyettesével a szomszédos községek csatlakozásáról /
Elmentve itt :
| Szerző: | |
|---|---|
| Dokumentumtípus: | Cikk |
| Megjelent: |
1972-10-05
|
| Sorozat: | Délmagyarország
62 No. 235 |
| Kulcsszavak: | Papp Gyula, városi tanács |
| Online Access: | http://dmarchiv.bibl.u-szeged.hu/98321 |
| LEADER | 00596nab a2200157 i 4500 | ||
|---|---|---|---|
| 001 | delm98321 | ||
| 005 | 20190319122632.0 | ||
| 008 | 190319s1972 hu o 0|| hun d | ||
| 040 | |a SZTE Délmagyarország Archívum |b hun | ||
| 041 | |a hun | ||
| 100 | 1 | |a Simon István, | |
| 245 | 1 | 2 | |a A szükségszerűség és a kölcsönös előnyök alapján |h [elektronikus dokumentum] : |b Interjú a városi tanács elnökhelyettesével a szomszédos községek csatlakozásáról / |c Szegedi Simon István, |
| 260 | |c 1972-10-05 | ||
| 300 | |a 3 | ||
| 490 | 0 | |a Délmagyarország |v 62 No. 235 | |
| 695 | |a Papp Gyula, városi tanács | ||